[Event "Biel Chess Festival 2024 - Amateur tournament"]
[Site "Biel/Bienne"]
[Date "2024.07.19"]
[Round "4"]
[Board "43"]
[White "Klas, Friedrich Guenther"]
[Black "Materia, Mario"]
[Result "0-1"]
[WhiteElo "1750"]
[BlackElo "1590"]
[PlyCount "0"]
[EventDate "2024.07.16"]
[EventRounds "9"]
[EventCountry "SUI"]

1. e4 e5 2. Nc3 Nc6 3. f4 exf4 4. Nf3 g5 5. Bc4 Bg7 6. O-O d6 7. d3 h6 8. a3 Nge7
9. Kh1 O-O 10. Ne2 Ng6 11. c3 Bg4 12. Qe1 Bxf3 13. Rxf3 Nce5 14. Rf1 Nh4 15. Bxf4
gxf4 16. Rxf4 Nhg6 17. Rf1 Nxc4 18. dxc4 Qe7 19. Ng3 Rae8 20. Qd2 Qg5 21. Qd5 Qxd5
22. cxd5 Ne5 23. Rad1 Nc4 24. Rf2 Be5 25. Nf5 Kh7 26. Rd3 Bg7 27. Ng3 Ne5 28. Rd1
Ng4 29. Re2 Be5 30. Rd3 Bxg3 31. Rxg3 Nf6 32. Rge3 Re5 33. c4 Rfe8 34. Rf3 Kg7 35.
Ref2 Nxe4 36. Rxf7+ Kg6 37. Rf1 R8e7 38. Rf8 Rh5 39. Rg8+ Rg7 40. Rxg7+ Kxg7 41.
Kg1 Re5 42. Rc1 Kf6 43. Rf1+ Rf5 44. Re1 Ke5 45. b4 b6 46. Rd1 Rf2 47. Re1 Ra2 48.
g4 Rxa3 49. h4 Rg3+  0-1

[Event "Biel Chess Festival 2024 - Amateur tournament"]
[Site "Biel/Bienne"]
[Date "2024.07.19"]
[Round "4"]
[Board "44"]
[White "Kim, Rian B"]
[Black "Loeffler, Helmut"]
[Result "0-1"]
[WhiteElo "1592"]
[BlackElo "1745"]
[PlyCount "0"]
[EventDate "2024.07.16"]
[EventRounds "9"]
[EventCountry "SUI"]

1. e4 c5 2. Nf3 d6 3. d4 cxd4 4. Nxd4 Nf6 5. Nc3 a6 6. Be3 e6 7. f3 Be7 8. Bc4 O-O
9. O-O b5 10. Bd3 Bb7 11. Nce2 Nbd7 12. c3 Rc8 13. Rc1 d5 14. Ng3 dxe4 15. fxe4 Ne5
16. Bc2 Nc4 17. Bf2 Nxb2 18. Qe2 Rxc3 19. Rb1 Nc4 20. Rfd1 Qb8 21. Rd3 Rxd3 22. Bxd3
Ne5 23. Nf1 Nxd3 24. Qxd3 Bxe4  0-1

[Event "Biel Chess Festival 2024 - Amateur tournament"]
[Site "Biel/Bienne"]
[Date "2024.07.19"]
[Round "4"]
[Board "45"]
[White "Kuenzli, Manuel"]
[Black "Boyer, Jean-Francois"]
[Result "1-0"]
[WhiteElo "1542"]
[BlackElo "1742"]
[PlyCount "0"]
[EventDate "2024.07.16"]
[EventRounds "9"]
[EventCountry "SUI"]

1. e4 e5 2. Nf3 Nc6 3. Nc3 Nf6 4. Bc4 Nxe4 5. Nxe4 d5 6. Bxd5 Qxd5 7. Nc3 Qd8 8.
d3 Bg4 9. Be3 Bb4 10. Bd2 Nd4 11. h3 Nxf3+ 12. gxf3 Bh5 13. Ne4 Be7 14. Rg1 Bg6 15.
Qe2 f6 16. O-O-O c5 17. f4 Qc7 18. fxe5 fxe5 19. Rde1 Bxe4 20. Qxe4 Bf6 21. Bc3 O-O
22. Rg2 Rae8 23. Reg1 Re7 24. Bd2 Kh8 25. h4 b5 26. h5 Rg8 27. Bh6 Ree8 28. Qg4 Qf7
29. Bg5 Bxg5+ 30. Qxg5 Qxa2 31. h6 Qa1+ 32. Kd2 Qa5+ 33. c3 Qc7 34. hxg7+ Rxg7 35.
Qxg7+ Qxg7 36. Rxg7 a5 37. Rc7  1-0

[Event "Biel Chess Festival 2024 - Amateur tournament"]
[Site "Biel/Bienne"]
[Date "2024.07.19"]
[Round "4"]
[Board "46"]
[White "Hottinger, Ieremia"]
[Black "Weihs, David"]
[Result "0-1"]
[WhiteElo "1523"]
[BlackElo "1733"]
[PlyCount "0"]
[EventDate "2024.07.16"]
[EventRounds "9"]
[EventCountry "SUI"]

1. e4 c6 2. d4 d5 3. Nc3 dxe4 4. Nxe4 Bf5 5. Ng3 Bg6 6. Nf3 Nd7 7. h4 h6 8. h5 Bh7
9. Bd3 Bxd3 10. Qxd3 e6 11. Bf4 Ngf6 12. O-O Be7 13. Rfe1 O-O 14. Rad1 Re8 15. Ne4
Nxh5 16. Bh2 Ndf6 17. Qb3 Nxe4 18. Rxe4 Nf6 19. Ree1 Qb6 20. Qxb6 axb6 21. a3 b5
22. c3 Nd7 23. Nd2 Nb6 24. Re2 Nc4 25. Ne4 Red8 26. Rde1 Bd6 27. Nxd6 Nxd6 28. Bxd6
Rxd6 29. f4 g6 30. g4 Kg7 31. Kg2 Rh8 32. Rh1 Rd5 33. Kf3 h5 34. g5 Rf5 35. Re5 Rd8
36. Ke4 Rd5 37. Rxd5 Rxd5 38. Kf3 Kf8 39. Rh2 Ke7 40. b4 b6 41. Ke3 Rd8 42. Ke4 Kd6
43. Rd2 Ra8 44. Ra2 Ra7 45. Ra1 c5 46. Ra2 cxb4 47. cxb4 Rc7 48. Rd2 Rc3 49. Ra2
Rc1 50. Rd2 Re1+ 51. Kf3 Kd5 52. Rc2 Kxd4 53. Rc7 Rf1+ 54. Kg3 Ke4 55. Rxf7 Rf3+
56. Kg2 Rxf4 57. Re7 Kd5 58. Rb7 Rg4+ 59. Kh3 Rxg5 60. Rxb6 Kc4 61. Rxe6 Kb3 62.
Re3+ Ka4 63. Kh4 Rg4+ 64. Kh3 Rg1 65. Kh4 Ra1 66. Kg5 Rxa3 67. Re4 Rb3 68. Kxg6 Rxb4
69. Re1 Rb2 70. Kxh5 Ka3 71. Kg4 b4 72. Kf3 Rd2 73. Ke3 Rd8 74. Ke2 Re8+  0-1

[Event "Biel Chess Festival 2024 - Amateur tournament"]
[Site "Biel/Bienne"]
[Date "2024.07.19"]
[Round "4"]
[Board "47"]
[White "Pavlov, Myroslav"]
[Black "Kern, Jesper"]
[Result "1/2-1/2"]
[WhiteElo "1728"]
[BlackElo "1569"]
[PlyCount "0"]
[EventDate "2024.07.16"]
[EventRounds "9"]
[EventCountry "SUI"]

1. e4 c5 2. Nf3 e6 3. d3 Nc6 4. g3 d6 5. Bg2 Nf6 6. O-O Be7 7. Bf4 e5 8. Be3 O-O
9. Nc3 a6 10. h3 Nd4 11. Ne2 Nxf3+ 12. Bxf3 Bxh3 13. Bg2 Be6 14. f3 Rc8 15. Kf2 Qd7
16. Rh1 Ne8 17. g4 f6 18. Rh3 Rf7 19. Qh1 g5 20. Qh2 Nc7 21. Rh1 Bd8 22. Rh6 Nb5
23. c4 Nd4 24. Ng3 b5 25. Rg6+ Kf8 26. Qh6+ Ke8 27. Rg8+ Ke7 28. Nh5 Qc7 29. Bxd4
cxd4 30. Ng7 Kd7  1/2-1/2

[Event "Biel Chess Festival 2024 - Amateur tournament"]
[Site "Biel/Bienne"]
[Date "2024.07.19"]
[Round "4"]
[Board "48"]
[White "Shin, Seungmin"]
[Black "Suwendo, Poedjo"]
[Result "1-0"]
[WhiteElo "1493"]
[BlackElo "1727"]
[PlyCount "0"]
[EventDate "2024.07.16"]
[EventRounds "9"]
[EventCountry "SUI"]

1. e4 d6 2. d4 g6 3. Nf3 Bg7 4. Bd3 Nc6 5. c3 Nf6 6. h3 Bd7 7. d5 Nb8 8. Be3 a5 9.
a4 O-O 10. Nbd2 Be8 11. Nf1 Na6 12. Bxa6 Rxa6 13. Ng3 c6 14. c4 cxd5 15. exd5 Qc8
16. Rc1 Nd7 17. b3 Ra8 18. Qd2 Nc5 19. Rb1 Bd7 20. Bh6 Bf5 21. Nxf5 Qxf5 22. O-O
Ra6 23. Bxg7 Kxg7 24. Rfe1 e5 25. dxe6 fxe6 26. Qd4+ Qf6 27. Qxf6+ Rxf6 28. Nd4 e5
29. Nb5 Rb6 30. Nc7 Rf7 31. Nb5 g5 32. f3 Kg6 33. Red1 Rd7 34. Kf2 h5 35. g4 hxg4
36. hxg4 Kf6 37. Ke3 Ke6 38. Rh1 Rf7 39. Rh5 e4 40. Rh6+ Ke7 41. Rh3 Rf4 42. Nc3
Rxb3 43. Rxb3 Nxb3 44. Nd5+ Ke6 45. Nxf4+ gxf4+ 46. Kxe4 Nd2+ 47. Kd3 Nb3 48. Kc3
Nc5 49. Rh6+ Ke5 50. Rh5+ Ke6 51. Rf5 b6 52. Rxf4 Nxa4+ 53. Kb3 Nc5+ 54. Ka3 Ke5
55. Rf5+ Kd4 56. Rd5+ Kxc4 57. Rxd6 b5 58. g5 b4+ 59. Kb2 a4  1-0

[Event "Biel Chess Festival 2024 - Amateur tournament"]
[Site "Biel/Bienne"]
[Date "2024.07.19"]
[Round "4"]
[Board "50"]
[White "Kim, Hyunwoo B"]
[Black "Luedi, Paul"]
[Result "0-1"]
[WhiteElo "1462"]
[BlackElo "1715"]
[PlyCount "0"]
[EventDate "2024.07.16"]
[EventRounds "9"]
[EventCountry "SUI"]

1. e4 e6 2. d4 d5 3. exd5 exd5 4. Bf4 c6 5. c4 Nf6 6. Nc3 Bb4 7. Bd3 O-O 8. Ne2 Bg4
9. f3 Bh5 10. O-O Bg6 11. Bc2 Re8 12. a3 Bxc3 13. Nxc3 dxc4 14. b3 Bxc2 15. Qxc2
Qxd4+ 16. Kh1 Qxf4 17. Rad1 cxb3 18. Qd3 h6 19. Ne2 Qc7 20. Qxb3 Rxe2 21. Qb1 Nbd7
 0-1

[Event "Biel Chess Festival 2024 - Amateur tournament"]
[Site "Biel/Bienne"]
[Date "2024.07.19"]
[Round "4"]
[Board "51"]
[White "Rossi, Patrick"]
[Black "Bachmann, Daniel"]
[Result "0-1"]
[WhiteElo "1539"]
[BlackElo "1713"]
[PlyCount "0"]
[EventDate "2024.07.16"]
[EventRounds "9"]
[EventCountry "SUI"]

1. d4 Nf6 2. c4 e6 3. Nf3 d5 4. g3 dxc4 5. Bg2 c5 6. O-O cxd4 7. Qa4+ Nc6 8. Nxd4
Qxd4 9. Bxc6+ Bd7 10. Rd1 Bxc6 11. Qxc6+ bxc6 12. Rxd4 Rd8 13. Rxc4 Rd1+ 14. Kg2
Kd7 15. Nc3 Re1 16. f3 Nd5 17. Kf2 Rh1 18. Kg2 Rxc1 19. Rxc1 Ne3+ 20. Kf2 Nxc4 21.
Na4 Nb6 22. Rd1+ Kc7 23. Nc3 Bc5+ 24. Kg2 Nc4 25. Kh3 h5 26. b3 Ne3 27. Rc1 g5 28.
Ne4 g4+ 29. Kh4 Be7+ 30. Ng5 Ng2#  0-1

[Event "Biel Chess Festival 2024 - Amateur tournament"]
[Site "Biel/Bienne"]
[Date "2024.07.19"]
[Round "4"]
[Board "52"]
[White "Panda, Gyorgy"]
[Black "Speerli, Maria"]
[Result "1-0"]
[WhiteElo "1713"]
[BlackElo "1540"]
[PlyCount "0"]
[EventDate "2024.07.16"]
[EventRounds "9"]
[EventCountry "SUI"]

1. Nf3 d5 2. g3 e6 3. Bg2 Be7 4. O-O Nf6 5. d4 O-O 6. c4 b6 7. Nc3 Bb7 8. cxd5 Nxd5
9. Qc2 Nxc3 10. bxc3 Nd7 11. Rd1 Nf6 12. c4 Qc8 13. Bb2 h6 14. Rac1 c5 15. d5 Rd8
16. e4 a6 17. Ne5 b5 18. Nc6 Bxc6 19. dxc6 Rxd1+ 20. Rxd1 Nh7 21. Rd7 Bf8 22. e5
b4 23. Qd3 a5 24. h4 a4 25. Be4 f5 26. exf6 Nxf6 27. Bxf6 gxf6 28. Bh7+ Kh8 29. Qg6
 1-0

[Event "Biel Chess Festival 2024 - Amateur tournament"]
[Site "Biel/Bienne"]
[Date "2024.07.19"]
[Round "4"]
[Board "55"]
[White "Lincke, Paul"]
[Black "Settegrana, Miro"]
[Result "0-1"]
[WhiteElo "1651"]
[BlackElo "1532"]
[PlyCount "0"]
[EventDate "2024.07.16"]
[EventRounds "9"]
[EventCountry "SUI"]

1. e4 c6 2. a3 d5 3. e5 Bf5 4. d4 e6 5. Bd3 Bxd3 6. Qxd3 Ne7 7. Nf3 Ng6 8. O-O c5
9. Qb5+ Qd7 10. Qxd7+ Nxd7 11. c3 Be7 12. Bg5 Bxg5 13. Nxg5 h6 14. Nh3 cxd4 15. cxd4
Rc8 16. Nc3 a6 17. f4 Ne7 18. Rac1 Nf5 19. Ne2 O-O 20. Rc3 Nb6 21. Rfc1 Rxc3 22.
Rxc3 Rc8 23. Rxc8+ Nxc8 24. Nf2 Na7 25. Nd3 Nc6 26. Nc5 Nfxd4 27. Nxd4 Nxd4 28. Kf2
Nc6 29. Nxb7 f6 30. exf6 gxf6 31. Nc5 Nd4 32. Nxa6 Nb3 33. Nc7 Kf7 34. Nb5 e5 35.
fxe5 fxe5 36. g4 Ke6 37. h4 d4 38. Ke2 e4 39. a4 d3+ 40. Kd1 e3 41. Nc3 e2+ 42. Ke1
Nd4 43. a5 Nc2+ 44. Kd2 e1=Q+ 45. Kxd3 Nb4+ 46. Kc4 Na6 47. Kb3 Qxh4  0-1

[Event "Biel Chess Festival 2024 - Amateur tournament"]
[Site "Biel/Bienne"]
[Date "2024.07.20"]
[Round "5"]
[Board "4"]
[White "Oestmann, Lukas"]
[Black "Primbetova, Raikhan"]
[Result "1-0"]
[WhiteElo "1926"]
[BlackElo "1534"]
[PlyCount "0"]
[EventDate "2024.07.16"]
[EventRounds "9"]
[EventCountry "SUI"]

1. e4 e6 2. d4 d5 3. Nd2 c5 4. exd5 Qxd5 5. Ngf3 cxd4 6. Bc4 Qd6 7. O-O Nf6 8. Nb3
Nc6 9. Nbxd4 Nxd4 10. Nxd4 Be7 11. Nb5 Qc6 12. b3 O-O 13. Bb2 Rd8 14. Qe2 a6 15.
Nd4 Qb6 16. Nf5 Qc5 17. Nxe7+ Qxe7 18. Bd3 Ra7 19. Qe3 b5 20. a4 b4 21. Bd4 Ng4 22.
Qh3 h5 23. Bxa7 Qxa7 24. Qxh5 Nf6 25. Qh4 Qb6 26. a5 Qd6 27. Rad1 Qe7 28. Bh7+ Kf8
29. Rxd8+ Qxd8 30. Qxb4+  1-0

[Event "Biel Chess Festival 2024 - Amateur tournament"]
[Site "Biel/Bienne"]
[Date "2024.07.20"]
[Round "5"]
[Board "5"]
[White "Meshach, Felix"]
[Black "Kuenzli, Simon"]
[Result "1-0"]
[WhiteElo "1773"]
[BlackElo "1919"]
[PlyCount "0"]
[EventDate "2024.07.16"]
[EventRounds "9"]
[EventCountry "SUI"]

1. e4 c6 2. d4 d5 3. f3 dxe4 4. fxe4 e5 5. Nf3 exd4 6. Bc4 Nf6 7. O-O Be6 8. Bxe6
fxe6 9. e5 Nfd7 10. Ng5 Qb6 11. Nxe6 c5 12. Qg4 Nc6 13. Bg5 Ncxe5 14. Nc7+ Qxc7 15.
Qe6+ Be7 16. Qxe7#  1-0

[Event "Biel Chess Festival 2024 - Amateur tournament"]
[Site "Biel/Bienne"]
[Date "2024.07.20"]
[Round "5"]
[Board "13"]
[White "Schmid, Nicola"]
[Black "Akhmediyar, Yernur"]
[Result "0-1"]
[WhiteElo "1888"]
[BlackElo "1751"]
[PlyCount "0"]
[EventDate "2024.07.16"]
[EventRounds "9"]
[EventCountry "SUI"]

1. Nf3 Nf6 2. c4 e6 3. d4 b6 4. a3 Be7 5. Nc3 Bb7 6. d5 d6 7. e4 Nbd7 8. dxe6 fxe6
9. Ng5 Nf8 10. Bd3 N6d7 11. Nh3 Ng6 12. f4 Bf6 13. O-O Nc5 14. Bc2 Bxc3 15. bxc3
Qd7 16. f5 exf5 17. exf5 Ne5 18. f6 gxf6 19. Rxf6 Qg4 20. Qxg4 Nxg4 21. Rf4 Ne5 22.
Be3 Rg8 23. g3 Nf3+ 24. Kf2 Ne5 25. Bxh7 Ncd3+ 26. Kf1 Nxf4 27. Bxg8 Nxh3 28. Be6
Ba6 29. Bxh3 Nxc4 30. Kf2 Ke7 31. Bg5+ Kf7 32. Re1 Ne5 33. Re4 Nd3+ 34. Ke3 Ne5 35.
Rf4+ Kg6 36. Bh4 Re8 37. Rf6+ Kg7 38. Re6 Nc4+ 39. Kf4 Rf8+ 40. Bf5 Rxf5+ 41. Kxf5
Bc8 42. Bd8 Kf7 43. Bxc7 Bxe6+ 44. Kg5 Ke7 45. Bb8 a5 46. h4 Nxa3 47. h5 Bb3 48.
Kg6 Bc2+ 49. Kg7 Nc4 50. g4 a4  0-1

[Event "Biel Chess Festival 2024 - Amateur tournament"]
[Site "Biel/Bienne"]
[Date "2024.07.20"]
[Round "5"]
[Board "19"]
[White "Keymer, Cecilia"]
[Black "Retti, Marco"]
[Result "1/2-1/2"]
[WhiteElo "1865"]
[BlackElo "1772"]
[PlyCount "0"]
[EventDate "2024.07.16"]
[EventRounds "9"]
[EventCountry "SUI"]

1. d4 Nf6 2. c4 e5 3. dxe5 Ng4 4. e4 Nxe5 5. f4 Ng6 6. Nc3 Bb4 7. Ne2 Qe7 8. a3 Bxc3+
9. Nxc3 d6 10. Be2 b6 11. Qd3 Bb7 12. Be3 Nd7 13. Nd5 Bxd5 14. exd5 Nc5 15. Qc3 O-O
16. Bxc5 bxc5 17. g3 Rae8 18. Qd3 Qe3 19. Qxe3 Rxe3 20. Kd2 Rfe8 21. Bd3 Nf8 22.
Rhe1 Rxe1 23. Rxe1 Rxe1 24. Kxe1 g6 25. g4 Nd7 26. b4 f6 27. Kd2 Kf7 28. Ke3 Ke7
29. h4 Kf7 30. Kf3 Kg7 31. Kg3  1/2-1/2

[Event "Biel Chess Festival 2024 - Amateur tournament"]
[Site "Biel/Bienne"]
[Date "2024.07.20"]
[Round "5"]
[Board "20"]
[White "Rossi, Jonas"]
[Black "Bracher, Juerg"]
[Result "1/2-1/2"]
[WhiteElo "1760"]
[BlackElo "1864"]
[PlyCount "0"]
[EventDate "2024.07.16"]
[EventRounds "9"]
[EventCountry "SUI"]

1. d4 d5 2. c4 c6 3. Nc3 Nf6 4. Nf3 e6 5. Bg5 Be7 6. e3 Nbd7 7. Bd3 dxc4 8. Bxc4
O-O 9. O-O Nd5 10. Bxe7 Qxe7 11. Nxd5 exd5 12. Bd3 Re8 13. Qc2 Nf8 14. Rab1 Bg4 15.
Ne5 Bh5 16. b4 f6 17. Nf3 Bxf3 18. gxf3 Rac8 19. Kh1 Qf7 20. Rg1 Qh5 21. Rg3 Rc7
22. Bf5 g5 23. Rbg1 Rg7 24. b5 cxb5 25. Qc5 Qf7 26. f4 h6 27. Qxb5 Ng6 28. Qc5 Nh4
29. Bh3 Kh8 30. Qxa7 Qe7 31. Qb6 Reg8  1/2-1/2

[Event "Biel Chess Festival 2024 - Amateur tournament"]
[Site "Biel/Bienne"]
[Date "2024.07.20"]
[Round "5"]
[Board "22"]
[White "Kim, Yejun"]
[Black "Papaux, Jeremie"]
[Result "1-0"]
[WhiteElo "1711"]
[BlackElo "1808"]
[PlyCount "0"]
[EventDate "2024.07.16"]
[EventRounds "9"]
[EventCountry "SUI"]

1. e4 e5 2. Nf3 Nc6 3. Bb5 a6 4. Ba4 Nf6 5. O-O Be7 6. Re1 b5 7. Bb3 O-O 8. a4 Bb7
9. d3 d6 10. Nbd2 Nd7 11. Nf1 Nc5 12. Bd5 Nxa4 13. d4 Bf6 14. Ne3 Nb6 15. dxe5 Nxd5
16. Nxd5 Nxe5 17. Nxe5 dxe5 18. Nxf6+ Qxf6 19. Qd7 Bxe4 20. Rxe4 Rfd8 21. Qg4 Qd6
22. Bg5 f5 23. Qxf5 Re8 24. Ree1 Qb4 25. b3 e4 26. Qd5+ Kh8 27. Bd2 Qd6 28. Qxd6
cxd6 29. Bb4 d5 30. Ba5 Re6 31. Rad1 Rc8 32. Rxd5 h6 33. c3 Kh7 34. f3 e3 35. Rd3
Rce8 36. Re2 Kg6 37. Bc7 Kf5 38. g4+ Kg5 39. Bg3 a5 40. h4+ Kf6 41. Bf4 a4 42. bxa4
bxa4 43. Rexe3 Rxe3 44. Rxe3 Rxe3 45. Bxe3 Ke5 46. Kf2 Kd5 47. Bc1 Kc4 48. Ke3 Kxc3
49. f4 Kc2 50. Ba3 Kb3 51. Bf8 Kc4 52. Ke4 g6 53. h5 g5 54. fxg5 Kc3 55. gxh6 a3
56. h7 a2 57. h8=Q+ Kc2 58. Qa1 Kb3 59. Kd4 Ka4 60. Qxa2+ Kb5 61. Qc4+ Ka5 62. Qb3
Ka6 63. Bc5 Ka5 64. Qb6+  1-0

[Event "Biel Chess Festival 2024 - Amateur tournament"]
[Site "Biel/Bienne"]
[Date "2024.07.20"]
[Round "5"]
[Board "26"]
[White "Jordan, Theodor"]
[Black "Weihs, David"]
[Result "1-0"]
[WhiteElo "1894"]
[BlackElo "1733"]
[PlyCount "0"]
[EventDate "2024.07.16"]
[EventRounds "9"]
[EventCountry "SUI"]

1. e4 c6 2. Nc3 d5 3. Nf3 dxe4 4. Nxe4 Nf6 5. Qe2 Nxe4 6. Qxe4 Nd7 7. Bc4 Nf6 8.
Ne5 e6 9. Qe2 Bd6 10. d4 Qb6 11. c3 h6 12. O-O Qc7 13. Bf4 b5 14. Bb3 a5 15. a4 O-O
16. Bc2 Bb7 17. Qd3 g5 18. Ng4 Kg7 19. Be5 Bxe5 20. dxe5 Ne4 21. Qxe4 Rh8 22. Nf6
c5 23. Qe3 b4 24. Rfd1 Bc8 25. Rd6 Ba6 26. Rd7 Qb6 27. Qe4 bxc3 28. Qg6+ Kf8 29.
Qxf7#  1-0

[Event "Biel Chess Festival 2024 - Amateur tournament"]
[Site "Biel/Bienne"]
[Date "2024.07.20"]
[Round "5"]
[Board "27"]
[White "Lesniak, Julien"]
[Black "Buntschu, Kurt"]
[Result "1/2-1/2"]
[WhiteElo "1725"]
[BlackElo "1868"]
[PlyCount "0"]
[EventDate "2024.07.16"]
[EventRounds "9"]
[EventCountry "SUI"]

1. e4 c5 2. Nf3 d6 3. Bb5+ Bd7 4. Bxd7+ Nxd7 5. c4 Ngf6 6. Nc3 g6 7. O-O Bg7 8. d3
O-O 9. h3 a6 10. a4 Qc7 11. Be3 e6 12. Qd2 Rfe8 13. Bh6 Rad8 14. Bxg7 Kxg7 15. Rfe1
Qc6 16. b3 Ne5 17. Qe3 Qc7 18. Nh2 Nc6 19. Rab1 Nd4 20. Qd2 Qb6 21. Ne2 Nxe2+  1/2-1/2

[Event "Biel Chess Festival 2024 - Amateur tournament"]
[Site "Biel/Bienne"]
[Date "2024.07.20"]
[Round "5"]
[Board "29"]
[White "Luedi, Paul"]
[Black "Ernst, Heinz"]
[Result "1/2-1/2"]
[WhiteElo "1715"]
[BlackElo "1830"]
[PlyCount "0"]
[EventDate "2024.07.16"]
[EventRounds "9"]
[EventCountry "SUI"]

1. d4 d5 2. c4 e6 3. Nc3 Nf6 4. Bg5 Nbd7 5. Nf3 Be7 6. e3 c6 7. Bd3 O-O 8. O-O h6
9. Bh4 dxc4 10. Bxc4 b5 11. Bd3 a6 12. h3 Bb7 13. Qe2 c5 14. dxc5 Nxc5 15. Bc2 Nd5
16. Nxd5 Bxd5 17. Bxe7 Qxe7 18. b3 Qb7 19. Rfd1 Rfd8 20. Rac1 Be4 21. Bxe4 Nxe4 22.
Rxd8+ Rxd8 23. Rd1 Rxd1+ 24. Qxd1 Qc7 25. a4 bxa4 26. bxa4 Qa5 27. Qd7 Nf6 28. Qc8+
Kh7 29. Qc2+ g6 30. e4 e5 31. Qc6 Kg7 32. g4 g5 33. Kg2 Ng8 34. h4 gxh4 35. Nxh4
Ne7 36. Nf5+ Nxf5 37. exf5 Qb4 38. f6+ Kg6 39. Qf3 Qf4 40. Qd3+ e4 41. Qxa6 Qxg4+
42. Kf1 Qd1+ 43. Kg2 Qf3+ 44. Kf1 h5 45. a5 h4 46. Qd6 Kh5 47. a6 h3 48. a7 Qh1+
49. Ke2 Qf3+ 50. Kf1 Qh1+  1/2-1/2

[Event "Biel Chess Festival 2024 - Amateur tournament"]
[Site "Biel/Bienne"]
[Date "2024.07.20"]
[Round "5"]
[Board "30"]
[White "Bachmann, Daniel"]
[Black "Mohr, Jan"]
[Result "0-1"]
[WhiteElo "1713"]
[BlackElo "1824"]
[PlyCount "0"]
[EventDate "2024.07.16"]
[EventRounds "9"]
[EventCountry "SUI"]

1. e4 c5 2. c3 d5 3. exd5 Qxd5 4. d4 Nf6 5. Nf3 e6 6. Be3 Ng4 7. Nbd2 cxd4 8. cxd4
b5 9. Bd3 Bb4 10. a3 Nxe3 11. fxe3 Bxd2+ 12. Qxd2 O-O 13. e4 Qd7 14. O-O Bb7 15.
Qg5 a6 16. e5 h6 17. Qh4 Bxf3 18. Rxf3 Nc6 19. Rf4 Nxe5 20. dxe5 Qxd3 21. Re1 Rac8
22. Rf3 Qd2 23. Rff1 Rc2 24. Qg4 Rxb2 25. Rd1 Qe2 26. Qg3 Rd2 27. Rde1 Qd3 28. Rf3
Qd4+ 29. Kh1 Rd1 30. Rff1 Rxe1 31. Rxe1 Rc8 32. h3 Rc3 33. Qh2 Rxa3 34. g4 Ra1 35.
Qe2 Rxe1+ 36. Qxe1 b4 37. Qc1 b3 38. Qc8+ Kh7 39. Qc7 Qe4+ 40. Kh2 b2 41. g5 b1=Q
42. g6+ Qxg6  0-1

[Event "Biel Chess Festival 2024 - Amateur tournament"]
[Site "Biel/Bienne"]
[Date "2024.07.20"]
[Round "5"]
[Board "32"]
[White "Juchler, Celine"]
[Black "Paholok, Igor"]
[Result "0-1"]
[WhiteElo "1664"]
[BlackElo "1801"]
[PlyCount "0"]
[EventDate "2024.07.16"]
[EventRounds "9"]
[EventCountry "SUI"]

1. e4 e6 2. d4 b6 3. Nf3 Bb7 4. Nbd2 Nf6 5. Bd3 d5 6. e5 Nfd7 7. O-O Nc6 8. Re1 g5
9. h3 h5 10. Nf1 g4 11. hxg4 hxg4 12. Ng5 Qe7 13. Qxg4 O-O-O 14. c3 Bh6 15. Qh5 Bxg5
16. Qxg5 Qf8 17. f4 Rg8 18. Qh4 Qg7 19. Qh3 Rh8 20. Qf3 Rdg8 21. Ne3 Ne7 22. Bd2
Ng6 23. Bxg6 Qxg6 24. Kf2 f6 25. Nf1 fxe5 26. fxe5 Rf8 27. Bf4 Rxf4 28. Qxf4 Rf8
29. Qxf8+ Nxf8 30. Ne3 Ba6 31. Rh1 Qf7+ 32. Ke1 Ng6 33. Ng4 Qf4 34. Nf6 Qe3+  0-1

[Event "Biel Chess Festival 2024 - Amateur tournament"]
[Site "Biel/Bienne"]
[Date "2024.07.20"]
[Round "5"]
[Board "35"]
[White "Trubini, Timon"]
[Black "Richard, Jean-Paul"]
[Result "1-0"]
[WhiteElo "1693"]
[BlackElo "1796"]
[PlyCount "0"]
[EventDate "2024.07.16"]
[EventRounds "9"]
[EventCountry "SUI"]

1. e4 c5 2. Nf3 Nc6 3. d4 cxd4 4. Nxd4 e5 5. Nb5 a6 6. Nd6+ Bxd6 7. Qxd6 Qf6 8. Qd1
Qg6 9. Nc3 d5 10. Nxd5 Qxe4+ 11. Be3 Nd4 12. Nc7+ Ke7 13. Be2 Nxc2+ 14. Kf1 Nxe3+
15. fxe3 Nf6 16. Nxa8 Rd8 17. Qb3 Be6 18. Qa3+ Rd6 19. Rd1 Nd5 20. Rd3 Qf5+ 21. Ke1
e4 22. Rd4 Qg5 23. Nc7 Qxg2 24. Nxd5+ Bxd5 25. Rf1 Qxh2 26. Rxd5 Qg3+ 27. Kd2 Qe5
28. Qxd6+ Qxd6 29. Rxd6 Kxd6 30. Rxf7  1-0

[Event "Biel Chess Festival 2024 - Amateur tournament"]
[Site "Biel/Bienne"]
[Date "2024.07.20"]
[Round "5"]
[Board "37"]
[White "Galerne, Rene"]
[Black "Shin, Seungmin"]
[Result "1/2-1/2"]
[WhiteElo "1773"]
[BlackElo "1493"]
[PlyCount "0"]
[EventDate "2024.07.16"]
[EventRounds "9"]
[EventCountry "SUI"]

1. e4 c5 2. c3 Nf6 3. e5 Nd5 4. d4 cxd4 5. Nf3 Nc6 6. cxd4 d6 7. Bc4 Nb6 8. Bb5 dxe5
9. Nxe5 Bd7 10. Nxc6 Bxc6 11. Bxc6+ bxc6 12. O-O e6 13. Be3 Be7 14. Nc3 O-O 15. Rc1
Nd5 16. Qf3 Qd7 17. a3 Rab8 18. Rc2 Nxc3 19. Rxc3 Rxb2 20. Rxc6 Rfb8 21. Bf4 Rc8
22. Rxc8+ Qxc8 23. Rc1 Rc2 24. Rxc2 Qxc2 25. Qa8+ Bf8 26. g3 Qd1+ 27. Kg2 Qxd4 28.
Be3 Qd5+ 29. Qxd5 exd5 30. Bxa7 Bxa3 31. Kf3 f6 32. Ke3 Kf7 33. h4 Ke6 34. g4 g5
35. hxg5 fxg5 36. f3 Ke5 37. Bb8+ Bd6 38. Ba7 Bb4 39. Bd4+ Ke6 40. Bg7 Ba3 41. Bd4
Bd6 42. Kd3 Bf8 43. Bb6 h6  1/2-1/2

[Event "Biel Chess Festival 2024 - Amateur tournament"]
[Site "Biel/Bienne"]
[Date "2024.07.20"]
[Round "5"]
[Board "40"]
[White "Materia, Mario"]
[Black "Gotti, Nicola"]
[Result "0-1"]
[WhiteElo "1590"]
[BlackElo "1804"]
[PlyCount "0"]
[EventDate "2024.07.16"]
[EventRounds "9"]
[EventCountry "SUI"]

1. d4 d5 2. c4 e5 3. dxe5 d4 4. Nf3 Nc6 5. a3 Nge7 6. Bg5 h6 7. Bh4 Qd7 8. b4 g5
9. Bg3 a6 10. h3 Ng6 11. b5 axb5 12. cxb5 Nb4 13. Nbd2 Nd5 14. Nb3 Bxa3 15. Qxd4
Qxb5 16. Qd3 Bb4+ 17. Nfd2 Bxd2+ 18. Kxd2 Qb4+ 19. Kc2 Rxa1 20. Nxa1 Bf5 21. Qxf5
Qc3+ 22. Kb1 Qe1+ 23. Kb2 Qb4+ 24. Kc1 Qa3+ 25. Kd2 Qc3+ 26. Kd1 Qxa1+ 27. Kd2 Qc3+
28. Kd1 O-O 29. e6 Rd8 30. exf7+ Kf8 31. Bd6+ Rxd6 32. Qc8+ Kxf7 33. e3 Ndf4+ 34.
Bd3 Rxd3#  0-1

[Event "Biel Chess Festival 2024 - Amateur tournament"]
[Site "Biel/Bienne"]
[Date "2024.07.20"]
[Round "5"]
[Board "41"]
[White "Ehrsam, Andreas"]
[Black "Noel, Lucien"]
[Result "1-0"]
[WhiteElo "1793"]
[BlackElo "1714"]
[PlyCount "0"]
[EventDate "2024.07.16"]
[EventRounds "9"]
[EventCountry "SUI"]

1. d4 f5 2. c4 g6 3. Nc3 Bg7 4. g3 Nf6 5. Bg2 O-O 6. Nf3 d6 7. Qc2 c6 8. O-O Qe8
9. Bf4 Nbd7 10. d5 Nc5 11. Rad1 Nfe4 12. Nxe4 fxe4 13. Nd2 Bf5 14. Nxe4 Rc8 15. b4
cxd5 16. bxc5 dxe4 17. cxd6 Qc6 18. dxe7 Rfe8 19. Bd6 Bf6 20. h3 Bxe7 21. Bxe7 Rxe7
22. Rc1 Qc5 23. e3 h5 24. Rfd1 b5 25. Rd4 Qe5 26. Qb1 Qc7 27. Bxe4 Bxh3 28. Bxg6
Rg7 29. c5 Re8 30. Kh2 Bg4 31. Bxe8 h4 32. Bg6 hxg3+ 33. fxg3 Bh5 34. Rd6 Bxg6 35.
Rxg6  1-0